|
|
|
|
| LEADER |
00000nam a22000007a 4500 |
| 005 |
20220915013757.0 |
| 007 |
cr|||| |||| |
| 008 |
220915s2015 us |||||s|||| 00||0 eng d |
| 020 |
|
|
|a 978-1-58576-175-3
|
| 035 |
|
|
|a 36355
|
| 040 |
|
|
|a vLex
|
| 090 |
|
|
|c 13905
|d 13905
|
| 100 |
1 |
|
|a Houck, Oliver A.
|
| 245 |
1 |
0 |
|a Best of the books
|h [Recurso electrn̤ico] :
|b reflections on recent literature in natural resources and the environment /
|c Oliver A. Houck, G. Tracy Mehan III
|
| 256 |
|
|
|a Servicio en ln̕ea
|
| 260 |
|
|
|a Washington DC:
|b Environmental Law Institute,
|c 2015
|
| 300 |
|
|
|a 1 recurso electrn̤ico
|
| 500 |
|
|
|a Lively wit and wisdom from the alternating books columnists in The Environmental Forum, the policy journal for environmental professionals Best of the Books is a series of 60 essays and book reviews originally published in the Environmental Law Institute's policy journal, The Environmental Forum. Written by columnists Oliver A. Houck and G. Tracy Mehan III, two longtime observers and developers of environmental policy, this anthology provides thoughtful and insightful pieces that reflect where we are now in the struggle to harmonize our environmental and economic aspirations. As William D. Ruckelshaus, the first U.S. EPA Administrator, writes in the foreword: "If you find yourself interested in the environment and thirsting for more information about what is meant by being an environmentalist, this is the book for you. If you want to understand the multitude of complex issues different players in the debates heroes and villains then read on. What you will find is the rich and fascinating unfolding of a movement that in its modern form is now over 50 years old." Best of the Books will serve as an excellent source for anyone needing a canon of recent literature on the modern environmental movement and the legal structures supporting it.
|
| 506 |
1 |
|
|a Disponible solo en los productos indicados
|d vLex Global
|d vLex Global (Academic Edition, excluding Law Schools)
|d vLex Global (Academic Edition, Law Schools)
|
| 650 |
0 |
4 |
|a Derecho Comunitario
|z Estados Unidos
|
| 650 |
0 |
4 |
|a Derecho del Medio Ambiente
|z Estados Unidos
|
| 700 |
1 |
|
|a Mehan III, G. Tracy
|
| 740 |
0 |
|
|a vLex Libros (Servicio en ln̕ea)
|
| 856 |
4 |
0 |
|u https://app.vlex.com/#/sources/36355
|z Acceso restringido
|
| 942 |
|
|
|c BOOK
|
| 999 |
0 |
|
|a Community Law
|
| 999 |
0 |
|
|a Environmental Law
|